Name that pasta type! - Statistics

General Stats
  • This quiz has been taken 64 times
  • The average score is 12 of 50
Answer Stats
Picture Answer % Correct
Ravioli
94%
Spaghetti
92%
Penne
87%
Macaroni
75%
Rigatoni
68%
Lasagna
62%
Farfalle
60%
Orzo
58%
Fusilli
57%
Linguine
55%
Tortellini
55%
Tagliatelli
47%
Fettucine
40%
Cannelloni
28%
Ziti
26%
Bucatini
23%
Conchiglie
21%
Pappardelle
21%
Cavatappi
19%
Orecchiette
19%
Capellini
17%
Rotini
17%
Vermicelli
15%
Manicotti
11%
Tortelloni
11%
Cavatelli
9%
Gemelli
9%
Agnolotti
8%
Mafaldine
8%
Trofie
8%
Campanelle
6%
Capalletti
6%
Fregula
6%
Mezzelune
6%
Radiatori
6%
Bigoli
4%
Calamarata
4%
Casarecce
4%
Paccheri
4%
Pizzoccheri
4%
Spatzle
4%
Garganelli
2%
Israeli Couscous
2%
Maultasche
2%
Mostaccioli
2%
Pici
2%
Scialatielli
2%
Spaghetti Alla Chitarra
2%
Strozzapreti
2%
Tagliolini
2%
No matching quizzes found
Score Distribution
Percent of People with Each Score
Percentile by Number Answered
Your Score History
You have not taken this quiz